Communism in Africa

Salvato in:
Dettagli Bibliografici
Autore principale: Schatten, Fritz
Natura: Libro
Lingua:Undetermined
Pubblicazione: New York Frederick A. Praeger 1966
Soggetti:
Tags: Aggiungi Tag
Nessun Tag, puoi essere il primo ad aggiungerne! !
Thư viện lưu trữ: Trung tâm Học liệu Trường Đại học Cần Thơ
LEADER 00487nam a2200193Ia 4500
001 CTU_77961
008 210402s9999 xx 000 0 und d
082 |a 335.43096 
082 |b S312 
100 |a Schatten, Fritz 
245 0 |a Communism in Africa 
245 0 |c Fritz Schatten 
260 |a New York 
260 |b Frederick A. Praeger 
260 |c 1966 
650 |a Communism 
650 |z Africa 
904 |i Mai Loan 
980 |a Trung tâm Học liệu Trường Đại học Cần Thơ